Word Ladder: Embarrassing Moment in Super Bowl XXVII Quiz Stats

 Plays Quiz Updated Feb 11, 2018

Challenge
Share
Tweet
Embed
Score 0/50 Timer 05:00
1 Play Today
Hint 4-Letter Word % Correct
Twelve o'clock (daytime)NOON
92.9%
Watery castle defenseMOAT
92.9%
PriceCOST
91.5%
Fired a rifleSHOT
91%
Chimney residueSOOT
90.2%
Narrow coin openingSLOT
89.8%
Having little fatLEAN
88.5%
Seasonally shed feathersMOLT
87.8%
Shopping meccaMALL
87.5%
Canadian waterbirdLOON
87.3%
With steady, how the tortoise wonSLOW
87.2%
Remove from employmentFIRE
87.1%
____ la vieC'EST
86.8%
Rowan Atkinson's Mr.BEAN
86.6%
☆ [previous ☆]____ stripped . . .COAT
86%
Monetary penaltyFINE
85.9%
Gangster's female companionMOLL
85.4%
Blackhearts singer JoanJETT
85.2%
☆ . . . one yard from the ____[next ☆]GOAL
85.2%
Tease, kid aroundJEST
85.1%
Billy or nannyGOAT
84.8%
Moisten with the tongueLICK
84.6%
Young horseFOAL
84.5%
☆ the _____ from QB Frank Reich . . .BALL
84.3%
Hollow clanging objectBELL
84.1%
Hint 4-Letter Word % Correct
PillageLOOT
83.6%
DeficiencyLACK
83%
☆ . . . but began to ____[next ☆]SHOW
82.5%
Gas used for lightingNEON
81.3%
FlogBEAT
80.7%
Chain loopLINK
80.2%
☆ [previous ☆]____ resulting in . . .LINE
79%
☆ . . . which was then picked up by ____ [next ☆]LEON
78.7%
The Three Sisters in OrionBELT
76.7%
Mass of small bubblesFOAM
76.5%
PlentyLOTS
75.8%
Rorschach test itemBLOT
75.7%
☆ . . . a touch____ for Buffalo.BACK
75.1%
Shape, configurationFORM
74.9%
Business partnershipFIRM
74.7%
Oceanic Flight 815's showLOST
73.1%
Famed screenwriter AnitaLOOS
73%
Tennis serves that hit netLETS
66.8%
Cautionary conjunctionLEST
63.3%
☆ [previous ☆] ____ who ran toward the end zone . . .LETT
61%
☆ [previous ]____ and had it knocked away . . .BOAT
58.1%
Ballet leapJETÉ
55.3%
Make a raucous soundBLAT
55.3%
☆ It started when Dallas DE Jim ____[next ☆ ] . . .JEFF
35.4%
Chief, bossJEFE
35%

Today's Daily Dose

Word Ladder
Bruno Mars Song

Get the Picture
Japanese Cars

You're not logged in!

Compare scores with friends on all Sporcle quizzes.
OR
Log In

You Might Also Like...

Show Comments

Extras

Top Quizzes Today


Score Distribution

Your Account Isn't Verified!

In order to create a playlist on Sporcle, you need to verify the email address you used during registration. Go to your Sporcle Settings to finish the process.

Report this User

Report this user for behavior that violates our Community Guidelines.

Details: